Handbook of reserved small cottage and tiny industries (Record no. 8731)

MARC details
000 -LEADER
fixed length control field 00487nam a2200157Ia 4500
003 - CONTROL NUMBER IDENTIFIER
control field IN-BaIIA
008 - FIXED-LENGTH DATA ELEMENTS--GENERAL INFORMATION
fixed length control field 211028s9999 xx 000 0 eng d
040 ## - CATALOGING SOURCE
Transcribing agency IIA Library
080 ## - UNIVERSAL DECIMAL CLASSIFICATION NUMBER
Universal Decimal Classification number (035)67
Item number HAN
110 ## - MAIN ENTRY--CORPORATE NAME
Corporate name or jurisdiction name as entry element SBP Consultant & Engineers
9 (RLIN) 14661
245 #0 - TITLE STATEMENT
Title Handbook of reserved small cottage and tiny industries
Statement of responsibility, etc. SBP Board of consultant
650 ## - SUBJECT ADDED ENTRY--TOPICAL TERM
Topical term or geographic name entry element Handbook
9 (RLIN) 1241
650 ## - SUBJECT ADDED ENTRY--TOPICAL TERM
Topical term or geographic name entry element NASA Thesaurus
650 ## - SUBJECT ADDED ENTRY--TOPICAL TERM
Topical term or geographic name entry element Tiny industries
9 (RLIN) 14662
942 ## - ADDED ENTRY ELEMENTS (KOHA)
Koha item type Books
Holdings
Withdrawn status Lost status Damaged status Not for loan Home library Current library Shelving location Date acquired Total Checkouts Full call number Barcode Date last seen Price effective from Koha item type
        IIA Library-Bangalore IIA Library-Bangalore General Stacks 11/06/1986   (035)67/ HAN 9606 05/11/2021 11/06/1986 Books

Powered by Koha